Wayne Gretzky : The great one

The making of The Great One. An informative biography of the legend of WayneGretzky told by Mark Messier, Brett Hull, Walter Gretzky, Gordie Howe, and others.

Đã lưu trong:
書目詳細資料
主要作者: Redmond, Gerald
格式: 圖書
語言:Undetermined
出版: Toronto, Canada ECW Press 1993
主題:
標簽: 添加標簽
沒有標簽, 成為第一個標記此記錄!
Thư viện lưu trữ: Trung tâm Học liệu Trường Đại học Cần Thơ
LEADER 00738nam a2200241Ia 4500
001 CTU_41251
008 210402s9999 xx 000 0 und d
020 |c 9.95 
082 |a 796.962 
082 |b R318 
100 |a Redmond, Gerald 
245 0 |a Wayne Gretzky : 
245 4 |b The great one 
245 0 |c Gerald Redmond 
260 |a Toronto, Canada 
260 |b ECW Press 
260 |c 1993 
520 |a The making of The Great One. An informative biography of the legend of WayneGretzky told by Mark Messier, Brett Hull, Walter Gretzky, Gordie Howe, and others. 
650 |a Hockey players 
650 |x Biography 
650 |z Canada 
904 |i Minh, 010517 
980 |a Trung tâm Học liệu Trường Đại học Cần Thơ